| 000 | 00599nam a22001937a 4500 | ||
|---|---|---|---|
| 003 | NUST | ||
| 005 | 20240215113747.0 | ||
| 008 | 190621b ||||| |||| 00| 0 eng d | ||
| 038 | _aMr.Zahoor | ||
| 082 | _a620.1 | ||
| 100 |
_aMuhammad Saad Siddique _915257 |
||
| 245 |
_aAutomated inspection system for SNGPL based on machine vision _cMuhammad Saad Siddique |
||
| 260 |
_aIslambad _bSMME NUST _c2017 |
||
| 300 | _a56 p. | ||
| 610 | _2Manufacturing engineering | ||
| 710 |
_aDr Syed Omer Gilani _9120513 |
||
| 856 | _uhttp://10.250.8.41:8080/xmlui/handle/123456789/12876 | ||
| 942 |
_2ddc _cTHE |
||
| 999 |
_c524439 _d524439 |
||